| 000 | 01341nac a22003257a 4500 | ||
|---|---|---|---|
| 001 | BR8101635 | ||
| 003 | BR-BrBNA | ||
| 005 | 20240105114939.0 | ||
| 008 | 230509b bl.|||m| |||| 00| 0 por d | ||
| 040 |
_aBR-BrBNA _bpor _cBiblioteca Nacional de Agricultura |
||
| 072 | _aE70; E15 | ||
| 090 | _aE70 BR8101635 | ||
| 100 | 1 | _aSkraba, I. | |
| 110 | 1 | _aUniversidade Federal do Rio Grande do Sul, Porto Alegre (Brasil). Centro de Estudos e Pesquisas Economicas | |
| 245 | 1 |
_aDeterminacao e analise a nivel de proprietarios rurais do municipio de Cruzeiro do Sul - Estado do Rio Grande do Sul [Brasil] _bFuncao consumo |
|
| 246 | 1 |
_a[Determination and analysis at the farmer level of Cruzeiro do Sul county - state of Rio Grande do Sul [Brazil]] _b[Consumption function] |
|
| 260 | 3 |
_aPorto Alegre, RS (Brasil): _c1980. |
|
| 300 | _a95 p. | ||
| 490 |
_aTese de Conclusao dos Cursos de Pos-Graduacao em Economia Rural e Sociologia Rural (Brazil) _vno. 66 _x |
||
| 500 | _a25 tables; 23 ref.; Summary (Pt) | ||
| 502 | _aTese (Pos-Graduacao em Economia Rural e Sociologia Rural) | ||
| 650 | _aComercializacao | ||
| 650 | _aMicroeconomia | ||
| 650 | _aCredito | ||
| 650 | _aRenda familiar | ||
| 650 | _aCruzeiro do Sul | ||
| 650 | _aRio Grande do Sul | ||
| 909 |
_a202312 _bLúcia Elande _c55 _dLúcia Elande |
||
| 942 |
_2AGRIS _n0 _cMS |
||
| 999 |
_c272195 _d272195 |
||